Gandhi : (Registro nro. 9168)

Detalles MARC
000 -CABECERA
Longitud fija campo de control 01214nam a2200313 i 4500
003 - • IDENTIFICADOR DELl NÚMERO DE CONTROL
Identificador del número de control CO-ViRNBM
005 - • FECHA Y HORA DE LA ÚLTIMA TRANSACCIÓN
Fecha y hora de la última transacción 20220622153838.0
007 - • CAMPO FIJO DE DESCRIPCIÓN FÍSICA
Campo fijo de descripción física ta
008 - • CÓDIGOS DE INFORMACIÓN DE LONGITUD FIJA
Códigos de información de longitud fija 220621s2002 sp ao||gr|||| 00| 0bspa d
020 ## - • NÚMERO INTERNACIONAL NORMALIZADO PARA LIBROS
Número Internacional Normalizado para Libros (ISBN) 9788497642897
040 ## - FUENTE DE LA CATALOGACIÓN
Centro catalogador de origen CO-ViRNBM
Lengua de catalogación spa
Centro transcriptor CO-ViRNBM
Normas de descripción rda
082 04 - • NÚMERO DE LA CLASIFICACIÓN DECIMAL DEWEY
Número de clasificación (R) 923.2
100 1# - • PUNTO DE ACCESO PRINCIPAL-NOMBRE DE PERSONA
Nombre de persona Montaño Orjuela, Santiago,
Fechas asociadas al nombre 1965 -,
Término indicativo de función autor
245 10 - • TITULO PROPIAMENTE DICHO
Título Gandhi :
Resto del título el mejor pensador del mundo /
Mención de responsabilidad, etc. Santiago Montaño Orjuela ; traducción María Lizcano Gracia ; ilustrador Omar Prieto.
250 ## - • MENCIÓN DE EDICIÓN
Mención de edición Segunda edición ampliada
264 #1 - PRODUCCIÓN, PUBLICACIÓN , DISTRIBUCIÓN, FABRICACIÓN Y COPYRIGHT
Lugar de producción, publicación, distribución, fabricación Barcelona, España :
Nombre del productor, editor, distribuidor, fabricante Edimat Libros,
Fecha de de producción, publicación, distribución, fabricación o copyright 2002
300 ## - • DESCRIPCIÓN FÍSICA
Extensión 193 páginas :
Otras características físicas ilustraciones y fotografías a color,
Dimensiones 23 cm
336 ## - TIPO DE CONTENIDO
Fuente rdacontenido
Término de tipo de contenido texto
Código de tipo de contenido txt
337 ## - TIPO DE MEDIO
Fuente rdamedio
Nombre del tipo de medio sin mediación
Código del tipo de medio n
338 ## - TIPO DE SOPORTE
Fuente rdasoporte
Nombre del tipo de soporte volumen
Código del tipo de soporte nc
490 0# - • MENCIÓN DE SERIE
Mención de serie Grandes biografías
504 ## - • NOTA DE BIBLIOGRAFÍA, ETC
Nota de bibliografía, etc. Incluye referencias bibliográficas.
505 ## - • NOTA DE CONTENIDO CON FORMATO
Nota de contenido con formato Volumen 1. Animales domésticos -- Volumen 2. Animales salvajes
600 14 - • PUNTO DE ACCESO ADICIONAL DE MATERIA - NOMBRE DE PERSONA
Nombre de persona Gandhi, Mahatma,
Fechas asociadas al nombre 1869-1948
Subdivisión de forma (R ) Biografías
650 17 - • PUNTO DE ACCESO ADICIONAL DE MATERIA - TÉRMINO DE MATERIA
Término de materia o nombre geográfico como elemento inicial Políticos
Subdivisión geográfica India
Subdivisión de forma Biografías
Fuente del encabezamiento ARMARC
700 1# - • PUNTO DE ACCESO ADICIONAL - NOMBRE DE PERSONA
Nombre de persona Lizcano Gracia, María
Término indicativo de función ilustradora
700 1# - • PUNTO DE ACCESO ADICIONAL - NOMBRE DE PERSONA
Nombre de persona Prieto, Omar
Término indicativo de función traductor
942 ## - ENTRADA DE ELEMENTOS AGREGADOS (KOHA)
Fuente de clasificaión o esquema Dewey Decimal Classification
Koha [por defecto] tipo de item LIbro

No hay ítems disponibles.










Instituto Departamental de Cultura del Meta - Red Departamental de Bibliotecas Públicas del Meta.